000 00577nam a2200229 a 4500
999 _c4967
_d4967
001 4967
003 BD-JhCC
005 20180328180257.0
008 171206s1962 u |||| |||| 000 0 eng d
035 _a(BD-JhCC) 4967
040 _aBD-JhCC
_dBD-JhCC
041 _aeng
082 _a928
_bSTE 1962
100 _aStearn, General Emanuel
245 _aThe Essential Lincoln /
_cGeneral Emanuel Stearn
260 _aNew york :
_bCollier books,
_c1962.
300 _a476 p. :
_c18 cm.
650 _aBiography
700 _aFried, Albert
942 _2ddc
_cBK